| 000 | 00495nam a22001697a 4500 | ||
|---|---|---|---|
| 999 |
_c525272 _d525272 |
||
| 003 | NUST | ||
| 038 | _awaseem | ||
| 082 |
_a303.625 _bASM |
||
| 100 |
_aAsmae, Sarwat Jamal _916012 |
||
| 245 |
_aDashat Gardi Aur Musliman / _cSarwat Jamal Asmae |
||
| 260 |
_aIslamabad : _bInstitute of Policy Studies, _c2008. |
||
| 300 | _a270 p. ; | ||
| 500 | _aPaperback. | ||
| 880 |
_6100-01\r _aثروت جمال اصمعی |
||
| 880 |
_6245-02\r _aدھشت گردی اور مسلمان / |
||
| 942 |
_2ddc _cBK |
||